Statistics for Countries with Brown Bears

Click here to take the quiz!

General Stats

  • This quiz has been taken 913 times
    (782 since last reset)
  • The average score is 34 of 42

Answer Stats

Bear country% Correct
United States
98%
Russia
97%
Canada
96%
China
92%
Finland
91%
Norway
91%
Sweden
91%
Ukraine
86%
Belarus
85%
Poland
85%
France
84%
Kazakhstan
84%
Spain
84%
Romania
83%
Turkey
83%
Estonia
82%
Italy
82%
Latvia
82%
India
80%
Albania
79%
Greece
79%
Iran
79%
Bulgaria
78%
Serbia
78%
Uzbekistan
78%
Armenia
77%
Japan
77%
Slovakia
77%
Afghanistan
76%
Azerbaijan
76%
Croatia
76%
Pakistan
76%
Kyrgyzstan
75%
Slovenia
75%
Iraq
74%
Czech Republic
73%
Georgia
73%
Bosnia and Herzegovina
72%
North Korea
71%
North Macedonia
69%
Montenegro
66%
Andorra
56%

Score Distribution

Percentile by Number Answered

Percent of People with Each Score

Your Score History

You have not taken this quiz since the last reset